Регионална библиотека "Любен Каравелов" - Русе

Проблеми на таланта (Запис номер 57428)

MARC детайли
000 -Лидер
Контролно поле с фиксирана дължина nam a22 a 4500
003 - Код на организацията, давaща контролен номер
Контролно поле BLK
005 - Дата и час на последна редакция
Контролно поле 20220926140730.0
008 - Елементи от данни с фиксирана дължина
fixed length control field 180408b bul|||||r ||||||| ||bul||
010 ## - Наследен системен номер
LC control number KNG00061431000
040 ## - Източник на каталожния запис
Идентификатор на билиотеката - собственик на записа BLK
041 ## - Код за език
Код за езика на текст/звукозапис или на отделно заглавие Български
Код за езика КДБФ Български
080 ## - УДК
Текстов определител УДК Развитие на психиката и способностите. Сравнителна психология
УДК код - определител по УДК 159.92
УДК - код + определител 159.92
100 1# - Редна дума - Автор
Автор Зарев, Пантелей
Авторска отговорност първи автор
Автор - информация (биография) Пантев, Пантелей Йорданов
R(LIN) 365745
139 ## - Редно поле
Редна дума Проблеми на таланта
Авторски знак Про - П 89
245 10 - Сведения за заглавието
Заглавие Проблеми на таланта
Подзаглавни данни Сб. статии и интервюта
Редно поле (дума) Пантелей Зарев; Янко Янчев.
257 ## - Страна на издаване
Страна на създаване/издаване България
260 ## - Област на издателските данни
Място на издаване, разпространение и проч. София
Име на издателя, разпространителя и проч. Партиздат
Година на издаване 1975
300 ## - Физическа характеристика
Страници 542 с.
Размери/Мащаб 20 см
380 ## - Жанр
Жанр Философия
490 ## - СЕРИИ (Колекции)
Име на серия Поредица Хоризонти - светът, науката, ние
9 (RLIN) 206323
500 ## - Общи забележки
Забележка 6 110 тир. - Рез. на рус., англ., фр., нем. и исп. ез. - Именен и предм. показалци. - Съдържа : Проблемът на таланта и смисълът на тази книга/ П. Зарев. Научната организация и управлението в областта на таланта / Н. Папазов. Проблемите на таланта / А. Балевски. Работата с талантливите ученици - актуална задача / Н. Станев. Талант и позиция / Е. Москов. За даровитите младежи и природните науки / А. Хаджиолов. За талантите и професионалното насочване / Е. Джаков. Научните таланти и общественото развитие / Е. Каменов. Заложби и реализация / А. Поликаров. Способности и талант / Г. Пирьов. Проблеми на таланта във ВУЗ / Б. Сендов. Грижата за силните, за способните, за талантливите - на преден план / Ж. Атанасов. Мисли за таланта / Ст. Михайлов. За структурата на творческата личност в науката / Н. Яхиел. За таланта в историческата наука / Б. Цветкова. За работата с младите таланти в науката / Я. Янчев. Проблеми на издирването и подкрепата на млади талантливи медици / М. Петров. Да ги запазим и от завистта / Д. Спасов. За таланта и характера / Е. Каранфилов. Таланти хубави и разни - проблема на културата / Кр. Горанов. Талантът в архитектурното творчество / М. Писарски. Изграждане на младия композитор / М. Големинов. За актьорския талант / Л. Кабакчиев. Критически размисли върху някои буржоазни теории за таланта и по въпроса за връзката между талант и информация / Д. Богданов. Система за откриване и усъвършенствуване на талантите в спорта / Хр. Меранзов. За военния талант / Г. Бонин, Д. Бантулов, Ст. Недин.
650 #4 - Допълнително описание по предмет – тема
Основно описание – тема или топоним Талант
9 (RLIN) 173139
650 #4 - Допълнително описание по предмет – тема
Основно описание – тема или топоним Творчество
9 (RLIN) 173209
653 ## - Ключова дума – ненормативна
Ключова дума талант
700 1# - Други автори (авторска отговорност)
Лично име Янчев, Янко
Автороска отговорност (Описва отношението между автора и произведението) *
9 (RLIN) 369501
852 ## - Местоположение
Форматна сигнатура Цб 76136
856 4# - Електронен адрес и достъп
Електронен формат pdf - файл
856 4# - Електронен адрес и достъп
Електронен формат pdf - файл
999 ## - СИСТЕМНИ КОНТРОЛНИ НОМЕРА
Koha biblionumber 57428
Koha biblioitemnumber 57428
942 ## - АРТИКУЛИ
Вид на библиотечния материал Книги
Скрит в OPAC Не
Периодичен библиозапис Да
944 ## - СЪЗДАВАНЕ И РЕДАКЦИЯ на ЗАПИСА
Създаване/Редакция Създаване
Дата на регистрацията/редакция 13.06.2004
Служител, извършил регистрацията/редакцията Диана_Димитрова
944 ## - СЪЗДАВАНЕ И РЕДАКЦИЯ на ЗАПИСА
Създаване/Редакция Редакция
Дата на регистрацията/редакция 2022-09-26
Служител, извършил регистрацията/редакцията ир
999 ## - СИСТЕМНИ КОНТРОЛНИ НОМЕРА
Koha biblioitemnumber 57428
Наличности
Код за отписване Код за изгубен артикул Източник на класификационната схема Код за повреда Коз за рестрикции Код за отдаване Артикулен № Име на библиотеката - собственик Име на библиотеката, в която се намира в момента Статус (Текущо местоположение) Дата на вписване в системата Местоположение - отдел Цена в лева Инвентарен номер Систематично азбучна сигнатура Баркод Номер на екземпляра Цена в евро Служебна бележка Служебен тип на артикула
  Не е изгубен Universal Decimal Classification Не е повреден без рестрикции ползва се в читалня 93072 Регионална библиотека "Любен Каравелов" Русе Регионална библиотека "Любен Каравелов" Русе Читалня 1993-01-01 Читалня 1.73 185007 Ч 159.9/П 89 120000185007 1 0.88 Дост: Pk Вид: Ф N: стар фонд Дата: 01.01.1975 Дата инв: 21.03.2017 Бележки инв: Ч2017 Книги
  Не е изгубен Universal Decimal Classification Не е повреден само за читалня ползва се в читалня 93073 Регионална библиотека "Любен Каравелов" Русе Регионална библиотека "Любен Каравелов" Русе Хранилище 1975-01-01 Хранилище 1.73 184715 Цб 76136 120000184715 2 0.88 Дост: Dp Вид: Д N: стар фонд Дата: 01.01.1975 Книги
Изтеглен Не е изгубен Universal Decimal Classification Не е повреден без рестрикции заемане за дома 93074 Регионална библиотека "Любен Каравелов" Русе Регионална библиотека "Любен Каравелов" Русе Заемна - подръчен фонд 1975-01-01 Заемна - подръчен фонд 1.43 185004 П 159.92/П 89 185004 3 0.73 Дост: Pk Вид: Ф N: стар фонд Дата: 01.01.1975 Дата инв: 01.02.2018 Бележки инв: П2018 Книги
Vip Innovations Ltd, Rousse, Bulgaria 2025